000 01117cam a2200313 a 4500
001 1616746
003 OSt
005 20240601123201.0
008 950721s1996 enka b 001 0 eng
010 _a 95036544
020 _a0415137209
040 _aDLC
_cDLC
_dDLC
043 _ae-uk---
050 0 0 _aLC93.G7
_bD58 1996
082 0 0 _a306 DIV 1999
_220
100 _aEdited by Ahier, John; Cosin, Ben; Hales, Margaret
_916996
245 0 0 _aDiversity and Change :
_beducation, policy, and selection
260 _aLondon ;
_bRoutledge,
_c1996.
300 _aix 333 p. :
_bill. ;
_c24 cm.
440 0 _aExploring educational issues ;
_v2
_97285
504 _aIncludes bibliographical references and index.
650 0 _aEducation and state
_97286
650 0 _aEducational change
_97287
710 2 _aOpen University.
_92170
856 4 2 _3Publisher description
_uhttp://www.loc.gov/catdir/enhancements/fy0649/95036544-d.html
906 _a7
_bcbc
_corignew
_d1
_eocip
_f19
_gy-gencatlg
942 _2ddc
_cSLOAN
999 _c3238
_d3238